Posztmodern stílusjegyek vizsgálata fiatal vajdasági szerzők írásaiban

Elmentve itt :
Bibliográfiai részletek
Szerző: Berecz Gábor
További közreműködők: Büky László (Témavezető)
Dokumentumtípus: Szakdolgozat
Megjelent: 2002
Tárgyszavak:
Online Access:http://diploma.bibl.u-szeged.hu/44608
LEADER 00572nta a2200157 i 4500
001 dipl44608
005 20140925133635.0
008 140925s2002 hu om 0|| zxx d
040 |a SZTE Diploma Repozitórium  |b hun 
041 |a zxx 
100 1 |a Berecz Gábor 
245 1 0 |a Posztmodern stílusjegyek vizsgálata fiatal vajdasági szerzők írásaiban  |h [elektronikus dokumentum] /  |c Gábor Berecz 
260 |c 2002 
650 4 |a Bölcsészettudományok 
700 1 |a Büky László  |e ths 
856 4 0 |u http://diploma.bibl.u-szeged.hu/id/eprint/44608/1/2002_berecz_gabor.pdf  |z Dokumentum-elérés